| 000 | 00585nam a22002057a 4500 | ||
|---|---|---|---|
| 999 |
_c31914 _d31914 |
||
| 003 | OSt | ||
| 005 | 20250715121111.0 | ||
| 008 | 250715b ||||| |||| 00| 0 eng d | ||
| 020 |
_a9780143428763 _cRs150.00 |
||
| 040 | _cimukc | ||
| 041 | _aeng | ||
| 082 |
_a823.914 _bB7111 |
||
| 100 |
_96159 _aBond, Ruskin |
||
| 245 |
_aThe wind on haunted hill / _cRuskin Bond ; illustrated by Jit Chowdhury. |
||
| 260 |
_aGurgaon : _bPenguin Random House India, _c2018. |
||
| 300 | _a32 p. | ||
| 650 | 0 |
_92474 _aEnglish fiction |
|
| 700 |
_96161 _aChowdhury, Jit _eillustrator |
||
| 942 |
_2ddc _cBK |
||